[Event "URS-ch otbor"]
[Site "Beltsy"]
[Date "1979.??.??"]
[Round "?"]
[White "Vasiukov, Evgeni"]
[Black "Gavrikov, Viktor"]
[Result "1/2-1/2"]
[WhiteElo "2560"]
[BlackElo "2200"]

1.c4 Nf6 2.Nc3 c5 3.Nf3 e6 4.e3 Nc6 5.d4 d5 6.a3 a6 7.cxd5 exd5 8.Be2 Bd6
9.dxc5 Bxc5 10.O-O O-O 11.b4 Bd6 12.Bb2 Bg4 13.g3 Bc7 14.Rc1 Qd6 15.Na4 Ne4
16.Nd2 Nxd2 17.Qxd2 Bxe2 18.Qxe2 Rab8 19.Rfd1 Rfd8 20.Nc5 Qg6 21.Qc2 Be5
22.Qxg6 hxg6 23.Bxe5 Nxe5 24.Kg2 Kf8 25.Rd4 Nc6 26.Rd2 Ne7 27.Rcd1 Ke8 28.e4 dxe4
29.Rxd8+ Rxd8 30.Rxd8+ Kxd8 31.Nxb7+ Kc7 32.Nc5 Kb6 33.Nxe4 Kb5 34.Kf3 Nd5
35.Ke2 Ka4 36.Nc5+ Kxa3 37.Nxa6 Ka4 38.h4 Kb5 39.Nc5 Kxb4 40.Nb7 f6 41.Nd8 Kc5
42.Ne6+ Kd6 43.Nxg7 Ke7 44.h5 gxh5 45.Nxh5 Ke6  1/2-1/2

[Event "URS-ch otbor"]
[Site "Beltsy"]
[Date "1979.??.??"]
[Round "?"]
[White "Godes, Dmitry R"]
[Black "Karasev, Vladimir I"]
[Result "1/2-1/2"]
[WhiteElo "2400"]
[BlackElo "2465"]

1.Nf3 c5 2.c4 Nf6 3.Nc3 d5 4.cxd5 Nxd5 5.g3 Nc6 6.Bg2 Nc7 7.a3 e5 8.b4 cxb4
9.axb4 b5 10.O-O Bxb4 11.Ng5 Bd7 12.Nxf7 Kxf7 13.Bxc6 Bxc6 14.Qb3+ Ne6 15.Qxb4 a5
16.Qb3 a4 17.Qb4 Qd4 18.Ba3 Qxb4 19.Bxb4 Nd4 20.f4 e4 21.Ra2 Rhd8 22.Kf2 h5
23.Rb1 Ke6 24.Rab2 Rd7 25.h3 g6 26.d3 exd3 27.exd3 Kf7 28.Ne4 Bxe4 29.dxe4 Nc6
30.Rc1 Nxb4 31.Rxb4 Rb7 32.Ke3 a3 33.Ra1 a2 34.Kd4 Ra3 35.Rb2 Rxg3 36.Rbxa2 Rd7+
37.Kc5 Rxh3 38.Ra7 Rc3+ 39.Kxb5 Rcc7 40.Rxc7 Rxc7 41.Rh1 Re7 42.Re1 Rc7 43.Rh1 Kf6
44.Kb4 Rc2 45.f5 gxf5 46.exf5 Kg5 47.f6 Rf2 48.Kc3 h4 49.Kd4 Rxf6 50.Ke3 Kg4
51.Rg1+ Kh5 52.Rh1 Rf8 53.Ke2 Ra8 54.Kf3 Ra2 55.Rb1 h3 56.Rb5+ Kh4 57.Rb4+ Kg5
58.Rb5+  1/2-1/2

[Event "Bled/Portoroz"]
[Site "Bled"]
[Date "1979.??.??"]
[Round "?"]
[White "Jelen, Iztok"]
[Black "Parma, Bruno"]
[Result "1/2-1/2"]
[WhiteElo "2420"]
[BlackElo "2530"]

1.Nf3 Nf6 2.c4 e6 3.Nc3 c5 4.g3 Nc6 5.Bg2 d5 6.cxd5 Nxd5 7.O-O Be7 8.d4 O-O
9.Nxd5 exd5 10.dxc5 Bxc5 11.Qc2 Bb6 12.Rd1 h6 13.b4 Bg4 14.Bb2 Rc8 15.Qd2 Qe7
16.Rac1  1/2-1/2

[Event "Brighton"]
[Site "Brighton"]
[Date "1979.??.??"]
[Round "?"]
[White "Blackstock, Lesly SF"]
[Black "Cummings, David H"]
[Result "1/2-1/2"]
[WhiteElo "2340"]
[BlackElo "2265"]

1.c4 c5 2.Nf3 Nf6 3.Nc3 d5 4.cxd5 Nxd5 5.d4 Nxc3 6.bxc3 g6 7.e4 Bg7 8.Be3 Nc6
9.Rb1 Bg4 10.e5 Qa5 11.Qd2 Rd8 12.Rb5 Qa3 13.Rb3 Qa5 14.Rb5 Qa3  1/2-1/2

[Event "Brighton"]
[Site "Brighton"]
[Date "1979.??.??"]
[Round "?"]
[White "Fedorowicz, John P"]
[Black "Blackstock, Lesly SF"]
[Result "1/2-1/2"]
[WhiteElo "2405"]
[BlackElo "2340"]

1.Nf3 Nf6 2.c4 c5 3.Nc3 e6 4.g3 Nc6 5.Bg2 Be7 6.O-O d5 7.cxd5 Nxd5 8.d4 O-O
9.e4 Ndb4 10.a3 cxd4 11.axb4 dxc3 12.bxc3 b6 13.Be3 Bb7 14.Qe2 Qc7 15.Rfd1 Rfd8
16.Qc4 Rxd1+ 17.Rxd1 Rd8 18.Rxd8+ Qxd8 19.h4 Qd6 20.Bf4 e5 21.Be3 h6 22.Nd2 Nd8
23.Qa2 Qb8 24.Bf1 Bc8 25.Qa4 Kf8 26.Qb5 Qc7 27.Nc4 f6 28.Bd2 Qc6 29.Qxc6 Nxc6
30.b5 Nd8 31.Ne3 Be6 32.Bc4 Bxc4 33.Nxc4 h5 34.f4 Nf7 35.Kf2  1/2-1/2

[Event "HUN-ch"]
[Site "Budapest"]
[Date "1979.??.??"]
[Round "2"]
[White "Orso, Miklos"]
[Black "Petran, Pal"]
[Result "1/2-1/2"]
[WhiteElo "2350"]
[BlackElo "2410"]

1.c4 Nf6 2.Nc3 c5 3.Nf3 e6 4.e3 d5 5.cxd5 exd5 6.d4 Nc6 7.Be2 Bd6 8.dxc5 Bxc5
9.O-O O-O 10.b3 a6 11.Bb2 Bd6 12.Rc1 Re8 13.Qd2 Ne4 14.Nxe4 dxe4 15.Qc3 Bf8
16.Rfd1 Qe7 17.Nd4 Ne5 18.Qc2 Ng6 19.Bf1 Bg4 20.Ne2 Rac8 21.Qb1 h5 22.Rxc8 Bxc8
23.Rd4 h4 24.Nc3 Bf5 25.h3 Ne5 26.Qd1 Nc6 27.Rd2 Qg5 28.Kh1 Nb4 29.Rd4  1/2-1/2

[Event "Clarin"]
[Site "Buenos Aires"]
[Date "1979.??.??"]
[Round "2"]
[White "Ivkov, Borislav"]
[Black "Larsen, Bent"]
[Result "0-1"]
[WhiteElo "2525"]
[BlackElo "2620"]

1.Nf3 Nf6 2.c4 c5 3.Nc3 b6 4.g3 Bb7 5.Bg2 g6 6.b3 Bg7 7.Bb2 O-O 8.O-O Na6
9.d4 cxd4 10.Nxd4 Bxg2 11.Kxg2 Nc5 12.Rc1 Qb8 13.f3 h5 14.Qd2 Kh7 15.b4 Bh6
16.e3 Nb7 17.Qd3 Nd6 18.Nd5 Nxd5 19.cxd5 Qb7 20.Nb3 Rac8 21.b5 Rxc1 22.Rxc1 Rc8
23.a4 Rxc1 24.Bxc1 Qc7 25.Bd2 Nc4 26.f4 Bg7 27.Bc1 Nb2 28.Bxb2 Bxb2 29.Nd2 Qc1
30.Nf3 Kg7 31.h3 Bc3 32.g4 Qb2+ 33.Kg3 h4+ 34.Nxh4 Be1+ 35.Kf3 Bxh4  0-1

[Event "Clarin"]
[Site "Buenos Aires"]
[Date "1979.??.??"]
[Round "3"]
[White "Panno, Oscar"]
[Black "Gheorghiu, Florin"]
[Result "1/2-1/2"]
[WhiteElo "2545"]
[BlackElo "2540"]

1.c4 c5 2.Nf3 Nf6 3.Nc3 b6 4.g3 Bb7 5.Bg2 e6 6.O-O Be7 7.Re1 a6 8.e4 d6 9.b3 O-O
10.d4 cxd4 11.Nxd4 Qc7 12.Bb2 Nbd7 13.Rc1 Rfe8 14.Rc2 Rad8 15.Bc1 Bf8 16.g4 h6
17.h4 g6 18.g5 hxg5 19.hxg5 Nh7 20.Be3 Bg7 21.Nde2 Nc5 22.Qd2 Qb8 23.Rd1 Qa8
24.f3 a5 25.Qc1 Qc8 26.Rcd2 Bf8 27.Bh3 Be7 28.Nd5 Bxd5 29.Rxd5 Qc7 30.R5d4 e5
31.Rd5 Ne6 32.Bxe6 fxe6 33.Rb5 Rb8 34.Kf2 Rf8 35.Rh1 Qd8 36.Rg1 Rf7 37.Rg3 Nf8
38.Kg2 Rh7 39.Ng1 Nd7 40.Rh3 Rxh3 41.Nxh3 Kg7  1/2-1/2

[Event "Clarin"]
[Site "Buenos Aires"]
[Date "1979.??.??"]
[Round "4"]
[White "Najdorf, Miguel"]
[Black "Gheorghiu, Florin"]
[Result "1/2-1/2"]
[WhiteElo "2515"]
[BlackElo "2540"]

1.c4 c5 2.Nf3 Nf6 3.Nc3 e6 4.g3 b6 5.Bg2 Bb7 6.O-O Be7 7.Re1 d6 8.e4 a6 9.b3 Qc7
10.Bb2 Nc6 11.d4 cxd4 12.Nxd4 Nxd4 13.Qxd4 Rb8 14.Rad1 O-O 15.h3 Rfd8 16.Qe3 Bf8
17.g4 Nd7 18.Rd2 Qc5 19.Qe2 Qc7 20.Red1 Bc6 21.Qe3 b5 22.cxb5 axb5 23.Ne2 Nc5
24.Ng3 b4 25.Bd4  1/2-1/2

[Event "Konex"]
[Site "Buenos Aires"]
[Date "1979.??.??"]
[Round "6"]
[White "Trois, Francisco RT"]
[Black "Rubinetti, Jorge A"]
[Result "0-1"]
[WhiteElo "2415"]
[BlackElo "2430"]

1.Nf3 Nf6 2.c4 c5 3.Nc3 b6 4.e4 d6 5.d4 cxd4 6.Nxd4 Bb7 7.Bd3 e6 8.O-O Be7
9.b3 O-O 10.Bb2 Nbd7 11.Qe2 a6 12.Kh1 Qc7 13.f4 Rfe8 14.Rae1 Rad8 15.Bb1 Bf8
16.Nf3 h6 17.e5 Nh7 18.Qc2 g6 19.Nh4 Bg7 20.exd6 Qxd6 21.Rd1 Qc6 22.Qe2 Nhf6
23.Nf3 Qc7 24.Ne4 Bxe4 25.Bxe4 Qxf4 26.Bb7 Qc7 27.Bxa6 Ra8 28.Bb5 Rxa2 29.Be5 Qa7
30.Ra1 Rxe2 31.Rxa7 Nxe5 32.Bxe8 Nxe8 33.Ra8 Kf8 34.Nd4 Re4 35.Nxe6+ Ke7
36.Nf4 Nf6 37.Ra7+ Kd6 38.Rd1+ Kc5 39.Rc7+ Kb4 40.g3 Kxb3 41.Rb1+ Kc2 42.Rxb6 Nfg4
43.Ra7 Re1+ 44.Kg2 g5 45.Ra2+ Kc3 46.Ne2+ Kd3 47.Rd6+ Ke3 48.Ng1 Ke4 49.Re2+ Ne3+
50.Kh1 Rc1 51.Rf2 N5xc4 52.Rd7 Ne5 53.Rd8 f5 54.h3 Nd3 55.Re2 Bd4 56.Kh2 Ne5
57.Rd2 Nf1+ 58.Kg2 Bxg1  0-1

[Event "Clarin"]
[Site "Buenos Aires"]
[Date "1979.??.??"]
[Round "13"]
[White "Ivkov, Borislav"]
[Black "Quinteros, Miguel A"]
[Result "1-0"]
[WhiteElo "2525"]
[BlackElo "2545"]

1.Nf3 Nf6 2.c4 c5 3.Nc3 b6 4.e3 g6 5.d4 Bg7 6.Be2 O-O 7.O-O d6 8.b3 e6 9.Bb2 Qe7
10.Qc2 Bb7 11.Rad1 Nc6 12.Qb1 Rfd8 13.Qa1 Rac8 14.d5 Nb4 15.a3 Na6 16.dxe6 fxe6
17.Nb5 Bxf3 18.Bxf3 Ne8 19.Bxg7 Nxg7 20.Rd2 Nb8 21.Rfd1 Ne8 22.a4 a6 23.Nc3 a5
24.Nd5 Qg7 25.Qxg7+ Kxg7 26.Nf4 Kf7 27.Bg4 e5 28.Bxc8 exf4 29.Bb7 fxe3 30.fxe3 Ke7
31.Bd5 Rd7 32.e4 Nf6 33.Rf2 Rd8 34.Rdf1 Rf8 35.g4 h6 36.h4 Nbd7 37.g5 hxg5
38.hxg5 Nxd5 39.exd5 Rh8 40.Rf7+ Kd8 41.Rg7  1-0

[Event "BCF-ch"]
[Site "Chester"]
[Date "1979.??.??"]
[Round "2"]
[White "Knott, Simon JB"]
[Black "Strauss, David J"]
[Result "1/2-1/2"]
[WhiteElo "2210"]
[BlackElo "2345"]

1.c4 c5 2.Nf3 Nf6 3.Nc3 e6 4.e3 d5 5.d4 Nc6 6.cxd5 exd5 7.Be2 cxd4 8.Nxd4 Bd6
9.O-O O-O 10.b3 Be5 11.Nxc6 bxc6 12.Bb2 Qd6 13.f4 Bxc3 14.Bxc3 Ne4 15.Bb2 Re8
16.Rc1 a5 17.Bf3 f6 18.Qc2 Bd7 19.Rfd1 Qe7 20.Bd4 Qb4 21.a3 Qe7 22.g4 Kh8
23.Kh1 Rac8 24.Bxe4 Qxe4+ 25.Qxe4 Rxe4 26.Rg1 Kg8 27.g5 Kf7 28.h4 Rb8 29.Rc3 Ree8
30.h5 fxg5 31.Rxg5 g6 32.Kh2 Rec8 33.Kg3 Bf5 34.Kh4 Ke6 35.h6 Rb5 36.Bc5 Rcb8
37.b4 axb4 38.Bxb4 Rc8 39.Rc5 Rxc5 40.Bxc5 Rb8 41.Rg1 Rb2 42.Rc1 Rg2 43.Rc3 Rg4+
44.Kh3 Rxf4+ 45.Kg3 Rg4+ 46.Kf3 Rg1 47.a4 Be4+ 48.Kf2 Rg2+ 49.Ke1 Ra2 50.Ra3 Rxa3
51.Bxa3 Bd3 52.a5 Kf5 53.Kf2 Kg4 54.Bf8 Ba6 55.Be7 g5 56.Bf8 Bb5 57.Bc5 Ba6
58.Kg2 Bc8 59.Kf2 Kf5 60.Kf3 g4+ 61.Kg3 Ke4 62.a6 Bxa6 63.Kxg4 Kd3 64.Kf3 Kc4
65.Be7 c5 66.Ke2 Kc3+ 67.Kd1 c4 68.Kc1 Kd3 69.Bc5  1/2-1/2

[Event "BCF-ch"]
[Site "Chester"]
[Date "1979.??.??"]
[Round "3"]
[White "Kilgour, David A"]
[Black "Cummings, David H"]
[Result "0-1"]
[WhiteElo "2200"]
[BlackElo "2265"]

1.c4 Nf6 2.Nc3 c5 3.Nf3 d5 4.cxd5 Nxd5 5.g3 Nc6 6.Bg2 g6 7.d3 Bg7 8.Bd2 O-O
9.O-O e6 10.Rc1 b6 11.a3 a5 12.b4 axb4 13.Nxd5 exd5 14.axb4 Nxb4 15.Bxb4 cxb4
16.d4 Qd6 17.Rb1 Bf5 18.Rb2 Rfc8 19.Nh4 Bd7 20.Qd2 Rc4 21.e3 Rac8 22.Ra1 Rc3
23.Bf1 b3 24.Qd1 Qb4 25.Rab1 Ba4 26.Bd3 Qa3 27.Qd2 Bf8 28.Nf3 Rc2 29.Bxc2 bxc2
30.Rxb6 c1=Q+ 31.Rxc1 Qxc1+ 32.Qxc1 Rxc1+ 33.Kg2 Bd7 34.Ne5 Be6 35.h4 Be7
36.Nd3 Rc2 37.Rb7 Bd6 38.Ne1 Rc1 39.Nf3 h6 40.Nd2 Rc2 41.Nf3 Bf5 42.h5 Be4
43.hxg6 fxg6 44.Rb6 Bc7 45.Ra6 g5 46.g4 h5 47.Ra8+ Kh7  0-1

[Event "Copenhagen AS04"]
[Site "Copenhagen"]
[Date "1979.??.??"]
[Round "1"]
[White "Djuric, Stefan"]
[Black "Brinck Claussen, Bjorn"]
[Result "0-1"]
[WhiteElo "2415"]
[BlackElo "2375"]

1.c4 Nf6 2.Nf3 c5 3.Nc3 d5 4.cxd5 Nxd5 5.g3 Nc6 6.Bg2 Nc7 7.O-O e5 8.a3 f6
9.Rb1 Be6 10.b4 cxb4 11.axb4 b5 12.e3 Qd7 13.d4 Rd8 14.Bd2 exd4 15.exd4 Be7
16.d5 Nxd5 17.Nxb5 Ndxb4 18.Re1 O-O 19.Qe2 Bd5 20.Bf4 g5 21.Be3 a5 22.Rbd1 Qb7
23.Nc3 Bb3 24.Rxd8 Rxd8 25.Nd4 Nxd4 26.Bxd4 Qd7 27.Bb6 Rc8 28.Ne4 Nd3 29.Rf1 a4
30.Qh5 Bf7 31.Qf3 f5 32.Nd2 Ne5 33.Qe2 Bf6 34.Qa6 Rc2 35.Nb1 Kg7 36.Na3 Rd2
37.Be3 Rd3 38.Nb5 Bc4  0-1

[Event "Dubna"]
[Site "Dubna"]
[Date "1979.??.??"]
[Round "?"]
[White "Forintos, Gyozo V"]
[Black "Farago, Ivan"]
[Result "1-0"]
[WhiteElo "2425"]
[BlackElo "2510"]

1.c4 Nf6 2.Nc3 c5 3.Nf3 d5 4.cxd5 Nxd5 5.e4 Nb4 6.Bb5+ Bd7 7.a3 Bxb5 8.axb4 Bd3
9.Qa4+ Nc6 10.b5 Nb4 11.b6+ Qd7 12.Qxd7+ Kxd7 13.Rxa7 Rb8 14.Ne5+ Ke6 15.Nxd3 Nxd3+
16.Ke2 Nf4+ 17.Kf3 Nd3 18.Ke3 Ne5 19.Na4 Kd6 20.f4 Nc6 21.e5+ Kd5 22.Nc3+ Ke6
23.Ra4 g5 24.fxg5 Bg7 25.Ne4 Kd5 26.Rf1 Bxe5 27.d3 h6 28.Rxf7 hxg5 29.Rf5 g4
30.Rg5 Rxh2 31.Nc3+ Ke6 32.Raxg4 Rh1 33.Bd2 Rf8 34.Ne4 Bd4+ 35.Ke2 Ne5 36.Rf4 Rxf4
37.Bxf4 Nd7 38.Bd2 Rb1 39.Bc3 Bxc3 40.bxc3 c4 41.dxc4 Rb2+ 42.Ke3 Nxb6 43.Nc5+ Kf6
44.Ne4+ Ke6 45.Nc5+ Kf6 46.Rg4 Nc8 47.Rf4+ Kg6 48.Nd3 Rc2 49.c5 b6 50.Rf8  1-0

[Event "URS-FL"]
[Site "Frunze"]
[Date "1979.??.??"]
[Round "13"]
[White "Lerner, Konstantin Z"]
[Black "Sideif Sade, Fikret I"]
[Result "1-0"]
[WhiteElo "2475"]
[BlackElo "2320"]

1.c4 Nf6 2.Nc3 c5 3.Nf3 d5 4.cxd5 Nxd5 5.e3 Nxc3 6.bxc3 g6 7.h4 Bg7 8.h5 Nc6
9.Bc4 a6 10.d4 e5 11.hxg6 hxg6 12.Rxh8+ Bxh8 13.Qb3 Qe7 14.Ba3 exd4 15.cxd4 Nxd4
16.Nxd4 Bxd4 17.Rd1 Bf6 18.Qb6 Qe5 19.Bb2 Qxb2 20.Rd8+ Bxd8 21.Qxb2 b5 22.Qe5+  1-0

[Event "URS-FL"]
[Site "Frunze"]
[Date "1979.??.??"]
[Round "15"]
[White "Razuvaev, Yuri S"]
[Black "Anikaev, Yuri N"]
[Result "1/2-1/2"]
[WhiteElo "2470"]
[BlackElo "2455"]

1.Nf3 Nf6 2.c4 e6 3.Nc3 c5 4.g3 b6 5.Bg2 Bb7 6.O-O Be7 7.d4 cxd4 8.Qxd4 d6
9.b3 O-O 10.Bb2 a6 11.Rfd1 Qc7 12.Rac1 Rd8 13.Qe3 Nbd7 14.Nd4 Bxg2 15.Kxg2 Nc5
16.Nf3 Ncd7 17.Nd4 Nc5 18.Nf3 Ncd7 19.Nd4 Nc5  1/2-1/2

[Event "Hastings7980"]
[Site "Hastings"]
[Date "1979.??.??"]
[Round "11"]
[White "Stean, Michael"]
[Black "Short, Nigel D"]
[Result "1/2-1/2"]
[WhiteElo "2540"]
[BlackElo "2260"]

1.Nf3 Nf6 2.c4 c5 3.Nc3 d5 4.cxd5 Nxd5 5.d4 g6 6.dxc5 Nxc3 7.Qxd8+ Kxd8 8.bxc3 f6
9.Ba3 Kc7 10.O-O-O e5 11.Nd2 Be6 12.e3 Nd7 13.Ne4 f5 14.Nd6 Be7 15.Bb5 Rhb8
16.Ba4 a6 17.Bxd7 Bxd7 18.Nc4 Be6 19.Nxe5 Bf6 20.Rd6 Re8 21.Nd3 Bxc3 22.Bb4 Bxb4
23.Nxb4 a5 24.Nd5+ Bxd5 25.Rxd5 Kc6 26.Rhd1 Rac8 27.Kb2 Re4 28.g3 Rb4+ 29.Ka3 Kb5
30.R1d4 Rb1 31.c6+ Kxc6 32.Rxa5 Kb6 33.Rad5  1/2-1/2

[Event "Lodz"]
[Site "Lodz"]
[Date "1979.??.??"]
[Round "9"]
[White "Luczak, Andrzej"]
[Black "Boensch, Uwe"]
[Result "1/2-1/2"]
[WhiteElo "2440"]
[BlackElo "2460"]

1.Nf3 Nf6 2.c4 c5 3.Nc3 e6 4.e3 Be7 5.d4 cxd4 6.exd4 O-O 7.a3 d5 8.Bd3 dxc4
9.Bxc4 a6 10.O-O b5 11.Ba2 Bb7 12.Bg5 Nbd7 13.Re1 Nb6 14.Ne5 Nbd5 15.Qd3 Rc8
16.Bb1 g6 17.Ba2 Nxc3 18.bxc3 Nd5 19.Bxe7 Qxe7 20.Bxd5 Bxd5 21.Qd2 Qc7 22.Rec1 f6
23.Nd3 Rcd8 24.Qe3 Rfe8 25.a4 Qc4 26.axb5 axb5 27.Nf4 e5 28.Nxd5 Qxd5 29.dxe5 Rxe5
30.Qf4 Qc5 31.h3 Rf5 32.Qe3 Qxe3 33.fxe3 Rc5 34.Rcb1 Kg7 35.Ra7+ Kh6 36.Rb7 Rd2
37.R7xb5 Rxc3 38.R5b2 Rcc2 39.Rxc2 Rxc2 40.Kf1 f5 41.Rb7 Ra2  1/2-1/2

[Event "Aaronson Masters"]
[Site "London"]
[Date "1979.??.??"]
[Round "4"]
[White "Watson, John L"]
[Black "Petursson, Margeir"]
[Result "1/2-1/2"]
[WhiteElo "2375"]
[BlackElo "2420"]

1.c4 c5 2.Nc3 e6 3.Nf3 Nf6 4.g3 Nc6 5.Bg2 d5 6.cxd5 Nxd5 7.O-O Be7 8.d4 O-O
9.e4 Ndb4 10.dxc5 Bxc5 11.e5 b6 12.a3 Qxd1 13.Rxd1 Nd5 14.Nxd5 exd5 15.b4 Be7
16.Rxd5 Be6 17.Rd1 Rac8 18.Bb2 Rc7 19.Rac1 Rfc8 20.b5 Na5 21.Rxc7 Rxc7 22.Nd4 Nc4
23.Rc1 Bc5 24.Nxe6 fxe6 25.Rxc4 Bxf2+ 26.Kxf2 Rxc4 27.Kf3 Rc2 28.Bd4 Ra2
29.Bf1 Rxa3+ 30.Be3 Kf7 31.Be2 Kg6 32.g4 h5 33.h3 hxg4+ 34.hxg4 Kf7 35.Ke4 Ra2
36.Bd3 Rg2 37.Kf3 Rb2 38.Bd4  1/2-1/2

[Event "Lone Pine op"]
[Site "Lone Pine"]
[Date "1979.??.??"]
[Round "1"]
[White "Olafsson, Helgi"]
[Black "Paolozzi, Marcos"]
[Result "1-0"]
[WhiteElo "2440"]
[BlackElo "2310"]

1.c4 c5 2.Nf3 Nf6 3.Nc3 d5 4.cxd5 Nxd5 5.e3 Nxc3 6.bxc3 g6 7.d4 Bg7 8.Be2 O-O
9.O-O b6 10.a4 Nd7 11.a5 Rb8 12.e4 Qc7 13.Bg5 Nf6 14.Bd3 h6 15.Bd2 Bb7 16.d5 Rbd8
17.c4 e5 18.Rb1 Ba6 19.Qa4 Ra8 20.Rb3 Nd7 21.Qa1 Rfb8 22.Rfb1 bxa5 23.Bxa5 Qd6
24.Bc3 Rb6 25.Ra3 Rxb1+ 26.Qxb1 Bc8 27.Qa1 a6 28.Nd2 Rb8 29.Nb3 Rb6 30.Bc2 Bf6
31.Na5 Bg7 32.Nc6 f6 33.Ba5 Rb7 34.Nd8 Ra7 35.Rb3 Bf8 36.Qb1 Ra8 37.Nc6 Kh7
38.Rb2 Bg7 39.Ba4 Nf8 40.Bd8 Kg8 41.Be7 Qc7 42.Bxc5  1-0

[Event "Lone Pine op"]
[Site "Lone Pine"]
[Date "1979.??.??"]
[Round "1"]
[White "Balinas, Rosendo Carrean"]
[Black "Weinstein, Norman"]
[Result "1/2-1/2"]
[WhiteElo "2365"]
[BlackElo "2465"]

1.c4 Nf6 2.Nc3 c5 3.Nf3 e6 4.e4 Nc6 5.d4 cxd4 6.Nxd4 Bb4 7.Nxc6 bxc6 8.Bd3 O-O
9.O-O d5 10.exd5 cxd5 11.cxd5 Bxc3 12.bxc3 Qxd5 13.c4 Qc6 14.Ba3 Bb7 15.f3 Rfd8
16.Qc2 Rd7 17.Rfd1 Rad8 18.Be7 Rxe7 19.Bxh7+ Nxh7 20.Rxd8+ Re8 21.Rxe8+ Qxe8
22.Qf2 Qc6 23.Qxa7 Qxc4 24.Rb1 Bd5 25.a4 Ng5 26.a5 Kh7 27.Qe3 f6 28.Rc1 Qb5
29.Qc5 Qb8 30.a6 Qf4 31.Rf1 Nxf3+ 32.Rxf3 Bxf3 33.gxf3 Qxf3 34.a7 Qd1+  1/2-1/2

[Event "Lone Pine op"]
[Site "Lone Pine"]
[Date "1979.??.??"]
[Round "3"]
[White "Shamkovich, Leonid"]
[Black "Fedorowicz, John P"]
[Result "1/2-1/2"]
[WhiteElo "2495"]
[BlackElo "2405"]

1.c4 c5 2.Nc3 b6 3.Nf3 Nf6 4.e4 d6 5.d4 cxd4 6.Nxd4 Bb7 7.Bd3 g6 8.Be3 Bg7
9.O-O O-O 10.f3 Nbd7 11.Qd2 a6 12.Rfd1 Re8 13.Bf1 e6 14.Nc2 Bf8 15.Qf2 Qc7
16.Rac1 Be7 17.b4 Bd8 18.Nd4 Rc8 19.Ndb5 axb5 20.Nxb5 Qb8 21.Nxd6 Bc7 22.e5 Bxd6
23.exd6 Ba8 24.a4 e5 25.h3 Re6 26.Qd2 Ree8 27.a5 e4 28.f4 b5 29.cxb5 Rxc1
30.Rxc1 Nd5 31.b6 Qxd6 32.Bb5 Rb8 33.Rc7 N7f6 34.a6 Qe6 35.Rc5 Rxb6 36.Bc4 Rxa6
37.Bxa6 Qxa6 38.Ra5 Qc8 39.Bd4  1/2-1/2

[Event "Lone Pine op"]
[Site "Lone Pine"]
[Date "1979.??.??"]
[Round "3"]
[White "Balinas, Rosendo Carrean"]
[Black "Silman, Jeremy D"]
[Result "0-1"]
[WhiteElo "2365"]
[BlackElo "2370"]

1.c4 c5 2.Nf3 Nf6 3.Nc3 d5 4.cxd5 Nxd5 5.g3 g6 6.Bg2 Bg7 7.O-O O-O 8.Qb3 Nc7
9.d3 Nc6 10.Na4 b6 11.Bg5 Bg4 12.Rfe1 Ne6 13.Be3 Bxf3 14.exf3 Ned4 15.Qd1 Nb4
16.a3 Nxd3 17.Bxd4 Bxd4 18.Re2 b5 19.Nc3 Nxb2 20.Qc2 Na4 21.Nxb5 Bxa1 22.Qxa4 a6  0-1

[Event "Lone Pine op"]
[Site "Lone Pine"]
[Date "1979.??.??"]
[Round "3"]
[White "Reshevsky, Samuel Herman"]
[Black "Gligoric, Svetozar"]
[Result "1/2-1/2"]
[WhiteElo "2485"]
[BlackElo "2560"]

1.c4 c5 2.Nf3 Nf6 3.Nc3 e6 4.g3 b6 5.Bg2 Bb7 6.d4 cxd4 7.Qxd4 Be7 8.O-O O-O
9.e4 d6 10.Rd1 Nbd7 11.Qe3 a6 12.b3 Qc7 13.Bb2 Rfe8 14.h3 Bf8 15.Rd2 Rad8
16.Rc1 Qb8 17.Ba3 Nc5 18.Bxc5 bxc5 19.e5 dxe5 20.Rxd8 Rxd8 21.Nxe5 Bxg2 22.Kxg2 Qc7
23.Rd1 Rxd1 24.Nxd1 Nd7 25.Nxd7 Qxd7 26.Nc3 h6 27.h4 Be7 28.Na4 Qd6  1/2-1/2

[Event "Lone Pine op"]
[Site "Lone Pine"]
[Date "1979.??.??"]
[Round "3"]
[White "Rind, Bruce"]
[Black "Petursson, Margeir"]
[Result "0-1"]
[WhiteElo "2410"]
[BlackElo "2420"]

1.c4 c5 2.Nf3 Nf6 3.Nc3 e6 4.g3 d5 5.cxd5 Nxd5 6.Bg2 Nc6 7.O-O Be7 8.d4 O-O
9.e4 Ndb4 10.d5 exd5 11.exd5 Nd4 12.Nxd4 cxd4 13.a3 dxc3 14.axb4 Bxb4 15.Qd4 Bd6
16.bxc3 b6 17.Bb2 Bd7 18.c4 f6 19.Qh4 Bf5 20.Rfe1 Qd7 21.Re6 Rae8 22.Qh5 Rxe6
23.dxe6 Bxe6 24.Rd1 Qc7 25.Be4 f5 26.Bd5 Qf7 27.Qg5 Bxd5 28.Rxd5 Be7 29.Qf4 Bc5
30.Qd2 Qe6 31.Qc3 Qe7 32.Re5 Qf6 33.Qd2 Qg6 34.Qd5+ Qf7 35.Qd3 h6 36.Rd5 Qe6
37.Re5 Qg6 38.Qd5+ Kh7 39.Re6 Qf7 40.Qe5 Rd8 41.Bc3 a5 42.Kg2 a4 43.h4 Rd3
44.h5 Rxc3  0-1

[Event "Lone Pine op"]
[Site "Lone Pine"]
[Date "1979.??.??"]
[Round "5"]
[White "Tarjan, James Edward"]
[Black "Peters, John A"]
[Result "1/2-1/2"]
[WhiteElo "2525"]
[BlackElo "2475"]

1.c4 Nf6 2.Nc3 e6 3.Nf3 c5 4.g3 b6 5.Bg2 Bb7 6.O-O Be7 7.d4 cxd4 8.Qxd4 O-O
9.Rd1 d6 10.b3 Nbd7 11.Bb2 a6 12.Qe3 Qb8 13.Nd4 Ng4 14.Qd2 Bxg2 15.Kxg2 Qb7+
16.Kg1 Ngf6 17.Qe3 Rfe8 18.Qf3 Qxf3 19.Nxf3 Rac8 20.Rac1 Rc7 21.Nd4 Rec8
22.e4 h5 23.f3 g6 24.Kg2 Nb8 25.Nde2 Ne8 26.f4 Bf6 27.Kf3 Nc6 28.Ba3 Be7
29.Ke3 Na5 30.Kf3 f5 31.exf5 gxf5 32.Bb2 Kf7 33.Re1 Bf6 34.Na4 b5 35.Bxf6 Nxf6
36.cxb5 axb5 37.Nac3 b4 38.Nb5 Rxc1 39.Rxc1 Rxc1 40.Nxc1 Ne4 41.Nd4 Nc3 42.h3 Kf6
43.g4 hxg4+ 44.hxg4 fxg4+  1/2-1/2

[Event "Lone Pine op"]
[Site "Lone Pine"]
[Date "1979.??.??"]
[Round "6"]
[White "Ree, Hans"]
[Black "Chandler, Murray G"]
[Result "1-0"]
[WhiteElo "2480"]
[BlackElo "2380"]

1.c4 c5 2.Nf3 Nf6 3.Nc3 d5 4.cxd5 Nxd5 5.e4 Nb4 6.Bb5+ N8c6 7.d4 cxd4 8.a3 dxc3
9.Qxd8+ Kxd8 10.axb4 cxb2 11.Bxb2 e5 12.Bxc6 bxc6 13.Nxe5 Kc7 14.Ke2 f6 15.Nd3 Bd6
16.Rhc1 Re8 17.f3 Kb7 18.g4 Be6 19.h4 Rad8 20.Ra5 Bxg4 21.fxg4 Rxe4+ 22.Kf3 Rde8
23.Be5 R4xe5 24.Nxe5 Rxe5 25.Rxe5 Bxe5 26.Ke4 Bg3 27.h5 g6 28.Rh1 Bd6 29.Rf1 Be7
30.Kd3 Kb6 31.Kc4 a6 32.Re1 Bd8 33.Re8 Kc7 34.Rh8 gxh5 35.gxh5 f5 36.Rxh7+ Kd6
37.Ra7 f4 38.Rxa6 f3 39.Ra3  1-0

[Event "Lone Pine op"]
[Site "Lone Pine"]
[Date "1979.??.??"]
[Round "6"]
[White "Diesen, Mark C"]
[Black "Gligoric, Svetozar"]
[Result "0-1"]
[WhiteElo "2460"]
[BlackElo "2560"]

1.c4 e6 2.Nf3 c5 3.Nc3 Nf6 4.d4 cxd4 5.Nxd4 Bb4 6.g3 O-O 7.Bg2 d5 8.cxd5 Nxd5
9.Bd2 Nxc3 10.bxc3 Be7 11.Rb1 a6 12.O-O e5 13.Nc2 Nc6 14.Ne3 Bc5 15.Qc2 f5
16.Qa4 Kh8 17.Qc4 Qd6 18.Qd5 Qe7 19.Qb3 e4 20.Nd5 Qd8 21.Be3 Na5 22.Qd1 Bxe3
23.Nxe3 Be6 24.Qd4 b5 25.Qe5 Qf6 26.Qxf6 Rxf6 27.Rfd1 Nc4 28.Nc2 Nb6 29.f3 Bxa2
30.Rb2 Bg8 31.fxe4 fxe4 32.Rb4 Nd5 33.Rxe4 Nxc3 34.Re7 Raf8 35.Rdd7 Be6 36.Rd6 Nxe2+
37.Kh1 Bc4 38.Rxf6 gxf6 39.Ra7 Rd8 40.Ne3 Rd3 41.Nxc4 Rd1+ 42.Bf1 bxc4 43.Kg2 c3
44.Bxe2 c2 45.Rc7 c1=Q 46.Rxc1 Rxc1 47.Bxa6 Rc2+ 48.Kg1 Kg7 49.Bd3 Rd2 50.Bf5 h6
51.h4 Kf7 52.Kf1 Ke7 53.Bg4 Kd6 54.Bf5 Ke5 55.Bg6 Kd4 56.Be8 Ke3 57.Bh5 f5
58.Kg1 f4 59.gxf4 Kxf4 60.Bg6 Kg3  0-1

[Event "Lone Pine op"]
[Site "Lone Pine"]
[Date "1979.??.??"]
[Round "6"]
[White "Petursson, Margeir"]
[Black "Tarjan, James Edward"]
[Result "0-1"]
[WhiteElo "2420"]
[BlackElo "2525"]

1.c4 Nf6 2.Nf3 c5 3.Nc3 e6 4.g3 b6 5.Bg2 Bb7 6.O-O Be7 7.b3 O-O 8.Bb2 a6
9.e3 d6 10.Qe2 Nbd7 11.Rfd1 Re8 12.Rac1 Rc8 13.h3 Rc7 14.d3 Qa8 15.e4 Nb8
16.Nh2 Nc6 17.f4 Nd7 18.g4 b5 19.g5 Nd4 20.Qf2 Nb6 21.h4 Rd7 22.Ng4 d5 23.cxd5 exd5
24.Nxd5 Nxd5 25.exd5 Bxd5 26.Bxd4 cxd4 27.Re1 Rdd8 28.Bxd5 Qxd5 29.Re5 Qd7
30.Qg2 Kf8 31.Rce1 f5 32.Nf2 Bd6 33.Rxe8+ Rxe8 34.Rxe8+ Kxe8 35.Qd5 Bxf4
36.Qg8+ Ke7 37.Qxg7+ Kd8 38.Qf6+ Kc7 39.Qxa6 Qd5 40.Qa7+ Kd8 41.Qxh7 Qf3
42.Qh8+ Kc7 43.Qxd4 Be3 44.Qe5+ Kc8 45.Qb2 f4 46.Kf1 Qg3 47.Qe2 Kc7 48.g6 Qxg6
49.Qf3 Qf6 50.h5 b4 51.Kg2 Qb2 52.h6 Qxa2 53.h7 Qb2 54.Kf1 Qg7 55.Qh3 Bd4
56.Qf5 Kb7 57.Qxf4 Ka6 58.Ng4 Ka5 59.Qf5+ Kb6 60.Kg2 Bc3 61.Kf3 Ka6 62.Ne3 Qb7+
63.Qe4 Qf7+ 64.Ke2 Qxb3  0-1

[Event "Munich"]
[Site "Munich"]
[Date "1979.??.??"]
[Round "?"]
[White "Pfleger, Helmut"]
[Black "Sigurjonsson, Gudmundur"]
[Result "1/2-1/2"]
[WhiteElo "2545"]
[BlackElo "2490"]

1.c4 c5 2.Nf3 Nf6 3.Nc3 d5 4.cxd5 Nxd5 5.g3 Nc6 6.Bg2 g6 7.d3 Bg7 8.Bd2 e6
9.Qc1 b6 10.Bh6 O-O 11.h4 f6 12.O-O Bb7 13.Bxg7 Kxg7 14.Qd2 e5 15.e3 Nc7
16.Rfd1 Ne6 17.a3 Qe7 18.b4 Rfd8 19.bxc5 Nxc5 20.Qc2 Ne6 21.Qb2 Rac8 22.Rac1 Na5
23.Na2 Rxc1 24.Qxc1  1/2-1/2

[Event "Munich"]
[Site "Munich"]
[Date "1979.??.??"]
[Round "?"]
[White "Robatsch, Karl"]
[Black "Unzicker, Wolfgang"]
[Result "1/2-1/2"]
[WhiteElo "2435"]
[BlackElo "2530"]

1.c4 Nf6 2.Nf3 c5 3.Nc3 d5 4.cxd5 Nxd5 5.g3 g6 6.Qb3 Nb6 7.Ne4 c4 8.Qc3 f6
9.Bg2 Bg7 10.O-O O-O 11.d4 cxd3 12.exd3  1/2-1/2

[Event "Naleczow"]
[Site "Naleczow"]
[Date "1979.??.??"]
[Round "1"]
[White "Schussler, Harry"]
[Black "Fedorowicz, John P"]
[Result "1/2-1/2"]
[WhiteElo "2460"]
[BlackElo "2405"]

1.Nf3 e6 2.c4 Nf6 3.Nc3 c5 4.d4 d5 5.cxd5 Nxd5 6.e4 Nxc3 7.bxc3 cxd4 8.cxd4 Nc6
9.Be2 Bb4+ 10.Bd2 Qa5 11.Rb1 Bxd2+ 12.Qxd2 Ke7 13.Bb5 Bd7  1/2-1/2